000 00640nam a22001937a 4500
005 20251108164955.0
008 250721s1983 xx 000 0 ara d
082 1 4 _a214.1/زرك
100 1 _aالزركشي، بدر الدين أبو عبد الله محمد
245 1 0 _aمعنى لا اله الا الله /
264 1 _aالقاهره :
_bدار الإعتصام،
_c1983.
300 _a176ص.
650 1 7 _aالإسلام
650 1 7 _aأصول الدين الإسلامي
650 1 7 _aالتوحيد
700 1 _aداغي، علي محيي الدين علي القرة
_eتحقيق
942 _2ddc
_cBK
999 _c18807
_d18807